000 00688nam a2200241 i 4500
001 C2-0302919
003 PPAK
005 20180729164954.0
008 100224s2008 xxu|||| ||||| | eng d
020 _a9781887140
040 _aPPAK
_beng
_cPPAK
_erda
082 0 4 _a959
_223
090 0 0 _a959
_bAME
_dLCK
100 0 _aNyhuis Allen W.,
_eauthor
245 1 0 _aAmerica's best Zoos
_ba travel guide for Fans and Families
264 1 _aUnited States :
_bThe Intrepid Traveler ,
_c2008
300 _axiv, 306 pages :
_bcolour ;
_c23 cm
336 _2rdacontent
_atext
337 _2rdamedia
_aunmediated
338 _2rdacarrier
_avolume
650 1 0 _aTravel agwnsi
942 _ddc
_cB
999 _c106436
_d106436